Guess the Lyrics #28 - Statistics

General Stats
  • This quiz has been taken 411 times
  • The average score is 171 of 400
Answer Stats
Lyrics % Correct
I
99%
a
96%
you
93%
he
80%
me
80%
it
75%
to
75%
And
72%
and
72%
When
71%
your
71%
do
70%
in
70%
Is
70%
on
69%
My
65%
my
65%
that
65%
That
65%
are
61%
so
61%
I'm
57%
for
56%
like
56%
they
56%
don't
52%
can't
51%
this
51%
Too
47%
Say
46%
'em
45%
know
45%
oh
42%
Oh,
42%
oh)
42%
baby,
39%
him
39%
up,
37%
up
37%
won't
37%
every
34%
night,
34%
Now
34%
now
34%
one
34%
One
34%
got
31%
bad
30%
get
30%
boy
29%
down,
29%
he's
27%
make
27%
right,
27%
'bout
26%
way,
26%
come
24%
That's
24%
that's
24%
left,
23%
(Yes)
23%
thinkin'
21%
'cause
20%
sleep,
20%
stop
20%
guess
19%
espresso
18%
dream-
16%
Move
16%
(Move
16%
late
15%
looks
15%
sweet?
15%
'bout
13%
Espresso - Sabrina Carpenter
13%
ex
13%
ya
13%
came-
12%
calling
11%
Nintendo
11%
'round
11%
touch
11%
cute
10%
desperation
10%
finger
10%
relate
10%
singer
10%
Switch
10%
vacation
10%
working
10%
often
9%
wrapped
9%
act
8%
humor
8%
laugh
8%
morning
8%
twisted
8%
Walked
8%
coffee,
7%
give-a-fucks
7%
honeybee,
7%
(Ooh)
7%
pollen
7%
Soft
7%
brewed
6%
perfumed
6%
skin
6%
brand-
5%
Dew
5%
Mountain
5%
newed
5%
trued
5%
(Mm)
4%
Mm,
4%
(Stupid)
3%
(Ayy,
1%
ayy,
1%
No matching quizzes found
Score Distribution
Percent of People with Each Score
Percentile by Number Answered
Your Score History
You have not taken this quiz